Dictionary of microeconomics : (Record no. 759727)
[ view plain ]
| 000 -LEADER | |
|---|---|
| fixed length control field | 00860namaa2200277 a 4500 |
| 001 - CONTROL NUMBER | |
| control field | vtls000937677 |
| 003 - CONTROL NUMBER IDENTIFIER | |
| control field | NLI |
| 005 - DATE AND TIME OF LATEST TRANSACTION | |
| control field | 20210627090757.0 |
| 008 - FIXED-LENGTH DATA ELEMENTS--GENERAL INFORMATION | |
| fixed length control field | 110929s2000 ii 001 0 eng |
| 020 ## - INTERNATIONAL STANDARD BOOK NUMBER | |
| International Standard Book Number | 8175101105 : |
| Terms of availability | Rs.450.00 |
| 039 #9 - LEVEL OF BIBLIOGRAPHIC CONTROL AND CODING DETAIL [OBSOLETE] | |
| -- | 201109292105 |
| -- | Entertech_02 |
| 040 ## - CATALOGING SOURCE | |
| Original cataloging agency | NLI |
| Language of cataloging | eng |
| Transcribing agency | Entertech-2011 |
| Description conventions | AACR2 |
| 041 0# - LANGUAGE CODE | |
| Language code of text/sound track or separate title | eng |
| 044 ## - COUNTRY OF PUBLISHING/PRODUCING ENTITY CODE | |
| MARC country code | ii |
| 082 04 - DEWEY DECIMAL CLASSIFICATION NUMBER | |
| Classification number | 338.503 |
| 100 1# - MAIN ENTRY--PERSONAL NAME | |
| Personal name | Prasad, A. R. |
| 9 (RLIN) | 880408 |
| 245 10 - TITLE STATEMENT | |
| Title | Dictionary of microeconomics : |
| Remainder of title | a glossary of terms frequently found in discussinons of microeconomics / |
| Statement of responsibility, etc. | A. R. Prasad |
| 260 ## - PUBLICATION, DISTRIBUTION, ETC. | |
| Place of publication, distribution, etc. | New Delhi : |
| Name of publisher, distributor, etc. | Reoamce Pub. House, |
| Date of publication, distribution, etc. | 2000 |
| 300 ## - PHYSICAL DESCRIPTION | |
| Extent | 308 p. ; |
| Dimensions | 25 cm. |
| 500 ## - GENERAL NOTE | |
| General note | Includes index |
| 650 #0 - SUBJECT ADDED ENTRY--TOPICAL TERM | |
| Topical term or geographic name entry element | Microeconomics |
| Form subdivision | Dictionaries |
| 9 (RLIN) | 880409 |
| 887 ## - NON-MARC INFORMATION FIELD | |
| Content of non-MARC field | |
| 901 ## - LOCAL DATA ELEMENT A, LDA (RLIN) | |
| a | DB79042 : |
| b | 22.06.2000 |
| 902 ## - LOCAL DATA ELEMENT B, LDB (RLIN) | |
| a | R.R. 338.503 P 886 |
| 942 ## - ADDED ENTRY ELEMENTS (KOHA) | |
| Source of classification or shelving scheme | Dewey Decimal Classification |
| Koha item type | Books |
| Withdrawn status | Lost status | Damaged status | Not for loan | Collection code | Home library | Current library | Shelving location | Date acquired | Total Checkouts | Full call number | Date last seen | Price effective from | Koha item type |
|---|---|---|---|---|---|---|---|---|---|---|---|---|---|
| Reading Room | National Library of India | National Library of India | Reading Room - Main Reading Room | R.R. 338.503 P 886 | 27/06/2021 | 27/06/2021 | Books |
